Public enterprise in transition : industrial relations in state privatized corporations
Αποθηκεύτηκε σε:
| Άλλοι συγγραφείς: | , |
|---|---|
| Μορφή: | Βιβλίο |
| Γλώσσα: | English |
| Δημοσίευση: |
London ; New York :
Routledge,
c1993.
|
| Θέματα: | |
| Ετικέτες: |
Προσθήκη ετικέτας
Δεν υπάρχουν, Καταχωρήστε ετικέτα πρώτοι!
|
MARC
| LEADER | 00000cam a2200000 a 4500 | ||
|---|---|---|---|
| 001 | 1/119085 | ||
| 008 | 190607t1993####uk | ||| |||| ||eng|| | ||
| 020 | |a 0415075726 |q (σκληρό εξώφυλλο) | ||
| 040 | |a GR-MyUa |b gre |c GR-MyUa |e AACR2 | ||
| 041 | 0 | |a eng | |
| 082 | 7 | |a 331.0941 |2 (23) | |
| 245 | 0 | 0 | |a Public enterprise in transition : |b industrial relations in state privatized corporations / |c edited by Andrew Pendleton and Jonathan Winterton. |
| 260 | |a London ; |a New York : |b Routledge, |c c1993. | ||
| 300 | |a xv, 278 σ. : |b διαγρ., πίν. ; |c 23 εκ. | ||
| 504 | |a Βιβλιογραφία : σ. 244-259. Ευρετήριο: σ. 260-278. | ||
| 650 | 0 | |a Government business enterprises |z Great Britain |x Management. | |
| 650 | 0 | |a Public utilities |z Great Britain |x Management. | |
| 650 | 0 | |a Privatization |z Great Britain. | |
| 650 | 0 | |a Industrial relations |z Great Britain. | |
| 700 | 1 | |a Pendleton, Andrew, |e edt | |
| 700 | 1 | |a Winterton, Jonathan, |e edt | |
| 852 | |a INST |b CHIOS |c TSAMOYRGELIS |e 20190607 |h 331.0941 PUB |p 005200038954 |q 005200038954 |t BK |y 0 | ||
| 970 | |a Σπέντζα |b Ελένη |z 07-06-2019 | ||